Steven Universe Knowledge! - Statistics

General Stats
  • This quiz has been taken 1,265 times
  • The average score is 14 of 15
Answer Stats
Hint Answer % Correct
First Crystal Gem Leader Rose Quartz
97%
This gem's weapon is a whip. Amethyst
96%
Best Human Friend to Steven Connie
96%
Current Leader of the Crystal Gems Garnet
96%
Guitar Dad Greg
96%
Works at the Big Donut with Sadie Lars
96%
A pink feline Lion
96%
Trapped in the mirror until released be Steven Lapis Lazuli
95%
This Character bought a cheeseburger backpack. Steven
95%
Regularly says clod throughout the show. Peridot
94%
Connie's Mom's Profession Doctor
92%
Fictional Town where the Crystal Gems Live In Beach City
89%
Pearl, Amethyst, and Garnet's Fusion Alexandrite
81%
One of the Cool Kids and a DJ Sour Cream
79%
A Leader of Homeworld Blue Diamond
76%
No matching quizzes found
Score Distribution
Percent of People with Each Score
Percentile by Number Answered
Your Score History
You have not taken this quiz